[Event "Belgrade-chTB Quality"]
[Site "Belgrade"]
[Date "2018.10.07"]
[Round "4.2"]
[White "Bakovic, Nebojsa"]
[Black "Kostic, Milutin B"]
[Result "1/2-1/2"]
[WhiteElo "2076"]
[BlackElo "2233"]
[PlyCount "200"]
[EventDate "2018.09.29"]
[EventType "team-tourn"]
[EventRounds "11"]
[EventCountry "SRB"]
[SourceTitle "CBM 187 Extra"]
[Source "ChessBase"]
[SourceDate "2018.11.04"]
[SourceVersion "1"]
[SourceVersionDate "2018.11.04"]
[SourceQuality "1"]
[WhiteTeam "Belgrade Rakovica"]
[BlackTeam "Belgrade Romanticari"]
[WhiteTeamCountry "SRB"]
[BlackTeamCountry "SRB"]

1. c4 c6 2. Nc3 d5 3. e3 Nf6 4. Nf3 Bg4 5. h3 Bxf3 6. Qxf3 e6 7. a3 Nbd7 8. cxd5 cxd5 9. d4 Be7 10. Bd3 0-0 11. Bd2 a6 12. e4 dxe4 13. Nxe4 Nd5 14. Nc3 N7f6 15. Na4 b6 16. 0-0 Qd7 17. Nc3 Nxc3 18. bxc3 b5 19. Be4 Nxe4 20. Qxe4 Rac8 21. Rfd1 Rc4 22. Ra2 Rfc8 23. Qf3 Ra4 24. Rda1 Bd8 25. g3 Ba5 26. Rb2 Rac4 27. Rb3 e5 28. a4 Rxa4 29. Rxa4 bxa4 30. Rb7 Qe8 31. Qd5 Bxc3 32. Bxc3 Rxc3 33. dxe5 h6 34. Ra7 Rc6 35. Rd7 Rc8 36. Ra7 Rc6 37. Rd7 Qe6 38. Qxe6 Rxe6 39. Rd5 f6 40. exf6 Rxf6 41. Ra5 Kf8 42. Rxa4 Ke7 43. f4 Kd7 44. Kf2 Kc7 45. Ke3 Kb6 46. Kd3 Kb5 47. Ra1 a5 48. Rb1+ Kc5 49. Rc1+ Kb6 50. Rb1+ Ka6 51. Ra1 Rb6 52. Kc4 Rb4+ 53. Kc3 Re4 54. Kd3 Re7 55. g4 Kb5 56. Rb1+ Kc5 57. Rc1+ Kd5 58. Rb1 Kc5 59. Rc1+ Kd5 60. Rb1 Ra7 61. Rb5+ Kc6 62. Re5 Kd6 63. Kc3 a4 64. Kb2 a3+ 65. Ka2 Ra4 66. Rf5 Ke6 67. Rf8 Ke7 68. Rf5 g6 69. Re5+ Kf6 70. Re3 Rxf4 71. Kxa3 Rc4 72. Kb3 Rc6 73. Rd3 Ke5 74. Rf3 Ke4 75. Rf8 Ke5 76. Rf3 Rf6 77. Rc3 Ke4 78. Kc2 Rd6 79. Ra3 Kf4 80. Rb3 Kg5 81. Rf3 Kh4 82. Kc3 Rd1 83. Rf6 Kg5 84. Rf3 h5 85. gxh5 Kxh5 86. Kc2 Rd5 87. Kc3 Kg5 88. Rg3+ Kf5 89. h4 Rd1 90. Rg5+ Kf6 91. Rg4 Rd6 92. Kc2 Rd5 93. Kc3 Rd8 94. Kc2 Rd6 95. Kc3 Rd5 96. Kc2 Kg7 97. Rg5 Rd6 98. h5 Kh6 99. Rxg6+ Rxg6 100. hxg6 Kxg6 1/2-1/2

[Event "Belgrade-chTB Quality"]
[Site "Belgrade"]
[Date "2018.09.29"]
[Round "1.2"]
[White "Bakovic, Nebojsa"]
[Black "Simonovic, Miroslav"]
[Result "1/2-1/2"]
[WhiteElo "2076"]
[BlackElo "2219"]
[PlyCount "72"]
[EventDate "2018.09.29"]
[EventType "team-tourn"]
[EventRounds "11"]
[EventCountry "SRB"]
[SourceTitle "CBM 187 Extra"]
[Source "ChessBase"]
[SourceDate "2018.11.04"]
[SourceVersion "1"]
[SourceVersionDate "2018.11.04"]
[SourceQuality "1"]
[WhiteTeam "Belgrade Rakovica"]
[BlackTeam "Belgrade Politika"]
[WhiteTeamCountry "SRB"]
[BlackTeamCountry "SRB"]

1. c4 c5 2. Nf3 Nc6 3. d4 cxd4 4. Nxd4 g6 5. e4 Bg7 6. Be3 d6 7. Nc3 Nf6 8. Be2 0-0 9. 0-0 a6 10. Qd2 Ng4 11. Nxc6 bxc6 12. Bxg4 Bxg4 13. Bd4 e5 14. Be3 Qe7 15. c5 Rfd8 16. cxd6 Qxd6 17. Qxd6 Rxd6 18. f3 Be6 19. Rfd1 Rad8 20. b3 f5 21. Rxd6 Rxd6 22. Rd1 Bf8 23. Bb6 Kf7 24. Rxd6 Bxd6 25. Na4 fxe4 26. fxe4 Bg4 27. Kf2 Bd1 28. Nc5 Bc2 29. Nxa6 Bxe4 30. Nc5 Bc2 31. Ke3 Be7 32. Kd2 Bxc5 33. Bxc5 Bf5 34. a4 Bc8 35. Ke3 Ke6 36. Ke4 Ba6 1/2-1/2

[Event "Belgrade-chT Quality"]
[Site "Belgrade"]
[Date "2016.10.22"]
[Round "7.1"]
[White "Bakovic, Nebojsa"]
[Black "Dobrijevic, Milan"]
[Result "0-1"]
[WhiteElo "2103"]
[BlackElo "2253"]
[PlyCount "52"]
[EventDate "2016.10.01"]
[EventType "team-tourn"]
[EventRounds "11"]
[EventCountry "SRB"]
[SourceTitle "EXT 2018"]
[Source "ChessBase"]
[SourceDate "2017.10.13"]
[SourceVersion "1"]
[SourceVersionDate "2017.10.13"]
[SourceQuality "1"]

1. c4 Nf6 2. Nc3 d5 3. cxd5 Nxd5 4. d4 g6 5. Nf3 Bg7 6. e3 0-0 7. Be2 c5 8. Bd2 Nc6 9. dxc5 Nxc3 10. Bxc3 Bxc3+ 11. bxc3 Qa5 12. Qb3 Qxc5 13. 0-0 b6 14. Qc4 Qxc4 15. Bxc4 Bb7 16. Rfd1 Rfd8 17. Bb3 Na5 18. Rxd8+ Rxd8 19. Rd1 Rxd1+ 20. Bxd1 Bd5 21. a3 Nc4 22. a4 Nb2 23. Be2 Nxa4 24. c4 Nc3 25. Bd3 Bxf3 26. gxf3 a5 0-1